000 00476nam a22001697a 4500
003 BD-ChCU
005 20260429112604.0
008 260429b bg ||||| |||| 00| 0 ben d
040 _cBD-ChCU
082 _a330.95 TIR
100 _aTinker, Hugh.
_922079
245 _aReorientations :
_bstudies on Asia in transition.//
_cTinker, Hugh.
260 _aLondon.
_bPall Mall Press.
_c1966
300 _a175p
650 0 _aAsia - Economic Conditions.
_922080
942 _2ddc
_cBK
_n0
999 _c112516
_d112516